01469nam a2200397 i 450000100060000000300080000600500170001400600190003100700150005000800410006502000180010602000270012403500230015103500240017403500250019803500210022304000310024405000220027508000080029708200140030510000210031924500800034026400450042030000400046533600310050533700330053633800430056958801270061259001590073965000230089865000250092165500270094679700190097385600620099299900170105431650FlNmELB20241216220657.0m o d | cr cnu||||||||170215s2016 ag o 000 0 spa d z9789874000279 a9789874000361 (e book) a(MiAaPQ)EBC4760521 a(Au-PeEL)EBL4760521 a(CaPaEBR)ebr11312502 a(OCoLC)984804989 aFINmELBbspaerdacFINmELB 4aTS171bB6418 2016 a7440 a745.22231 aBlanco, Ricardo.10aBreviario :bestilos y tendencias en diseño industrial /cRicardo Blanco. 1aBuenos Aires :bEditorial Nobuko,c2016. a1 recurso en línea (96 páginas) atextobtxt2rdacontent/spa acomputadorabc2rdamedia/spa arecurso en líneabcr2rdacarrier/spa aDescripción basada en recurso en línea; Título de la página del título en PDF (e-libro, visto Februar 15, 2017). aRecurso electronico. Santa Fe, Arg. : e-libro, 2016. Disponible via World Wide Web. El acceso puede ser limitado para las bibliotecas afiliadas a e-libro. 0aIndustrial design. 4aDiseño industrial. 4aLibros electrónicos.2 ae-libro, Corp.40uhttps://elibro.net/ereader/politecnicointernacional/77409 c31650d31650